Loreto College Library, Kolkata
WEBOPAC (ONLINE PUBLIC ACCESS CATALOGUE)

Test Yourself (Record no. 2608)

MARC details
000 -LEADER
fixed length control field 00683nam a2200229Ia 4500
005 - DATE AND TIME OF LATEST TRANSACTION
control field 20221019121244.0
008 - FIXED-LENGTH DATA ELEMENTS--GENERAL INFORMATION
fixed length control field 131103s9999 xx 000 0 und d
020 ## - ISBN | অাই এস বি এন
ISBN | অাই এস বি এন 8175541385
PRICE Rs. 195
040 ## - CATALOGING SOURCE
Original cataloging agency Loreto College
041 ## - LANGUAGE CODE
Language code English
082 ## - DDC | ডিউই
Classification number | বর্গসংখ্যা 153.94
Book Number | গ্রন্থাঙ্ক BAR
100 ## - MAIN ENTRY--PERSONAL NAME | মুখ্য সংলেখ - ব্যাক্তিনাম
Personal name | ব্যাক্তিনাম Barrett, Jim
245 ## - TITLE STATEMENT | অাখ্যা বিবরণী
Title | অাখ্যা Test Yourself
Sub title | উপঅাখ্যা Test your Aptitude, Personality and Motivation and Plan your Career
Statement of responsibility | লেখকের দায়িত্বের বিবরণ Jim Barrett
260 ## - IMPRINT | প্রকাশনা ক্ষেত্র
Place of publication | প্রকাশ স্থান New Delhi
Name of publisher | প্রকাশকের নাম Kogan Page India Private Limited
Date of publication | প্রকাশ কাল 2002
300 ## - PHYSICAL DESCRIPTION |
Page / Vol. No | পৃষ্ঠা / খন্ড সংখ্যা 254p
Other physical details | অনান্য বাহ্যিক বিবরণ ill,diagrams, charts, tables
630 ## - SUBJECT ADDED ENTRY--UNIFORM TITLE
Uniform title Career Plans
630 ## - SUBJECT ADDED ENTRY--UNIFORM TITLE
Uniform title Motivation Tests
650 ## - SUBJECT ADDED ENTRY--TOPICAL TERM | বিষয় শিরোনাম - মূল বিষয়
Topical term | মূল বিষয় Aptitude Test
651 ## - SUBJECT ADDED ENTRY--GEOGRAPHIC NAME | বিষয় শিরোনাম - ভৌগলিক নাম
Geographic name | ভৌগলিক বিষয় Personality Test
850 ## - HOLDING INSTITUTION
Holding institution LCLIB
942 ## - ADDED ENTRY ELEMENTS (KOHA)
Koha item type Books
Holdings
Withdrawn status Lost status Source of classification Damaged status Not for loan Home library Current library Date acquired Total Checkouts Full call number Accession No. Date last seen Price effective from Koha item type Coded location qualifier
    Dewey Decimal Classification     Loreto College Loreto College 04/11/2013   153.94 BAR 43081 B1485 04/11/2013 04/11/2013 Books